| 000 | 00383nam a2200133Ia 4500 | ||
|---|---|---|---|
| 001 | 138797 | ||
| 003 | 230975 | ||
| 005 | 20201025200448.0 | ||
| 008 | ||||||n9999 ||| || || | ||
| 100 |
_aGómez de Gaviria, Rosa Delia _934994 |
||
| 245 | 0 | _aAnálisis de la estructura administrativa del talento humano en el municipio de Curiti Santander | |
| 562 | _e1 | ||
| 942 | _cTESIS | ||
| 999 |
_c138797 _d138797 |
||